| 000 | 00880nam a2200217Ia 4500 | ||
|---|---|---|---|
| 999 |
_c40137 _d40137 |
||
| 001 | 6743 | ||
| 003 | GE_BSU | ||
| 005 | 20191225121836.0 | ||
| 008 | 181216s1970||||ge |||||||||||||| ||geo|| | ||
| 040 | _cGE_BSU | ||
| 041 | _ageo | ||
| 080 | _a821.353.1-1 გ-45 | ||
| 100 |
_aგვეტაძე, რაჟდენ. _95973 |
||
| 245 |
_aნაცნობ ველთა შრიალს ვისმენ : _bლექსები / _cრაჟდენ გვეტაძე ; რედ. ი. ორჯონიკიძე. |
||
| 264 |
_aთბილისი : _bნაკადული, _c1970. |
||
| 300 |
_a45 გვ. ; _c17 სმ. |
||
| 653 | _aლექსები | ||
| 653 | _aნაცნობ ველთა შრიალს ვისმენ | ||
| 700 |
_aორჯონიკიძე, ი. _eრედაქტორი _94051 |
||
| 942 |
_cBK _2udc |
||